00814cam a22002177a 4500003000500000005001700005008004100022010001000063011001000073035001000083040000900093100003300102245015300135260004100288300002000329502011200349650002900461650004400490650002900534650003300563CHAP20220329142122.0990816d1999 mx r 00110 spa d a78727 a79699 a90092 cCHAP00aCervantes Morales, Clotilde.10aFactores que determinan las economías de escala en la producción de cebada maltera de temporal en Apan, Hidalgoc/por Clotilde Cervantes Morales aChapingo, Méx. :bEl autor,c1999. a55 h. :banexos aTesis (M.C. en Economía del Desarrollo Rural) -- UACH. División de Ciencias Económico Administrativas14aAgricultura de temporal.14aCebada malteraxCostos de producción.14aCebada malteraxHidalgo.14aCebada malteraxRendimiento.